AP Classes - Statistics

General Stats
  • This quiz has been taken 5 times
  • The average score is 17 of 40
Answer Stats
Hint Answer % Correct
History and Social Sciences AP European History
100%
Art AP 2-D Art and Design
67%
Art AP 3-D Art and Design
67%
Sciences AP Biology
67%
Sciences AP Chemistry
67%
AP World Languages and Cultures AP Chinese Language and Culture
67%
English AP English Literature and Composition
67%
AP World Languages and Cultures AP French Language and Culture
67%
AP World Languages and Cultures AP Latin
67%
History and Social Sciences AP United States History
67%
History and Social Sciences AP African American Studies
33%
Art AP Art History
33%
Math and Computer Science AP Calculus AB
33%
Math and Computer Science AP Calculus BC
33%
History and Social Sciences AP Comparative Government and Politics
33%
Math and Computer Science AP Computer Science A
33%
Math and Computer Science AP Computer Science Principles
33%
Art AP Drawing
33%
English AP English Language and Composition
33%
Sciences AP Environmental Science
33%
AP World Languages and Cultures AP German Language and Culture
33%
History and Social Sciences AP Human Geography
33%
AP World Languages and Cultures AP Italian Language and Culture
33%
AP World Languages and Cultures AP Japanese Language and Culture
33%
History and Social Sciences AP Macroeconomics
33%
History and Social Sciences AP Microeconomics
33%
Art AP Music Theory
33%
Sciences AP Physics 1: Algebra-Based
33%
Sciences AP Physics 2: Algebra-Based
33%
Sciences AP Physics C: Electricity and Magnetism
33%
Sciences AP Physics C: Mechanics
33%
Math and Computer Science AP Precalculus
33%
History and Social Sciences AP Psychology
33%
AP Capstone Diploma Program AP Research
33%
AP Capstone Diploma Program AP Seminar
33%
AP World Languages and Cultures AP Spanish Language and Culture
33%
AP World Languages and Cultures AP Spanish Literature and Culture
33%
Math and Computer Science AP Statistics
33%
History and Social Sciences AP United States Government and Politics
33%
History and Social Sciences AP World History: Modern
33%
No matching quizzes found
Score Distribution
Percent of People with Each Score
Percentile by Number Answered
Your Score History
You have not taken this quiz